000 00506nam a2200181Ia 4500
001 65710
008 221109n ii |||gr||||Z||||||asm
082 _a891.41308
100 _aBorgohain, Homen.
245 0 _aAsomor Sah Udyogyor Akthetit Kaheni
_cBy Homen Borgohain
_hTextual Documents
250 _a3rd edn.
260 _aGuwahati
_bStudent`s Stores
300 _a79pg:
_c23cm.
653 _aAsomor Sah Udyogyor Akthetit Kaheni
653 _aAssamese
653 _aG-H B Collection
942 _2ddc
_cBK
999 _c66803
_d66803